Building digital libraries (Record no. 2141)

MARC details
000 -LEADER
fixed length control field 00453nam a2200169Ia 4500
008 - FIXED-LENGTH DATA ELEMENTS--GENERAL INFORMATION
fixed length control field 130318s9999 xx 000 0 und d
020 ## - INTERNATIONAL STANDARD BOOK NUMBER
International Standard Book Number 9781555706173
082 ## - DEWEY DECIMAL CLASSIFICATION NUMBER
Classification number 025.04 REE/B
100 ## - MAIN ENTRY--PERSONAL NAME
Personal name Reese, Terry
245 ## - TITLE STATEMENT
Title Building digital libraries
260 ## - PUBLICATION, DISTRIBUTION, ETC.
Name of publisher, distributor, etc. Neal-Schuman Publishers
Place of publication, distribution, etc. New York
Date of publication, distribution, etc. 2008
300 ## - PHYSICAL DESCRIPTION
Extent 277
440 ## - SERIES STATEMENT/ADDED ENTRY--TITLE
Title A how-to-do-it manual-153
650 ## - SUBJECT ADDED ENTRY--TOPICAL TERM
Topical term or geographic name entry element DIGITAL LIBRARY
650 ## - SUBJECT ADDED ENTRY--TOPICAL TERM
Topical term or geographic name entry element INFORMATION SYSTEM
700 ## - ADDED ENTRY--PERSONAL NAME
Personal name Banerjee, Kyle
Holdings
Withdrawn status Lost status Damaged status Not for loan Collection code Home library Current library Shelving location Date acquired Cost, normal purchase price Total Checkouts Full call number Barcode Date last seen Price effective from Koha item type
        Semantic Web/ Information Retrieval Kerala University of Digital Sciences, Innovation and Technology Knowledge Centre Kerala University of Digital Sciences, Innovation and Technology Knowledge Centre Information Retrieval 18/03/2013 3043.00   025.04 REE/B 2158 18/03/2013 18/03/2013 Books